ბათუმის შოთა რუსთაველის სახელმწიფო უნივერსიტეტის ბიბლიოთეკა

The Oxford handbook of the state in the ancient Near East and Mediterranean / (ბიბ.ჩანაწერი № 57403)

000 -LEADER
fixed length control field 00757cam a2200205 a 4500
001 - CONTROL NUMBER
control field 17209674
005 - DATE AND TIME OF LATEST TRANSACTION
control field 20220928162929.0
008 - FIXED-LENGTH DATA ELEMENTS--GENERAL INFORMATION
fixed length control field 120314s2013 nyuab b 001 0 eng
020 ## - INTERNATIONAL STANDARD BOOK NUMBER
International Standard Book Number 9780190499334
041 ## - LANGUAGE CODE
Language code of text/sound track or separate title eng
080 ## - UNIVERSAL DECIMAL CLASSIFICATION NUMBER
Universal Decimal Classification number 94(3)+35 T-44
245 04 - TITLE STATEMENT
Title The Oxford handbook of the state in the ancient Near East and Mediterranean /
Statement of responsibility, etc. edited by Peter Fibiger Bang and Walter Scheidel.
264 ## - PRODUCTION, PUBLICATION, DISTRIBUTION, MANUFACTURE, AND COPYRIGHT NOTICE
Place of production, publication, distribution, manufacture New York :
Name of producer, publisher, distributor, manufacturer Oxford University Press,
Date of production, publication, distribution, manufacture, or copyright notice 2013.
300 ## - PHYSICAL DESCRIPTION
Extent 555 p. :
Other physical details ill., maps ;
Dimensions 26 cm.
653 ## - INDEX TERM--UNCONTROLLED
keyword ისტორია
653 ## - INDEX TERM--UNCONTROLLED
keyword ახლო აღმოსავლეთი
700 1# - ADDED ENTRY--PERSONAL NAME
Personal name Bang, Peter F.
Fuller form of name
Relator term რედაქტორი
9 (RLIN) 8452
700 1# - ADDED ENTRY--PERSONAL NAME
Personal name Scheidel, Walter,
Dates associated with a name
Relator term რედაქტორი
9 (RLIN) 8453
942 ## - ADDED ENTRY ELEMENTS (KOHA)
Source of classification or shelving scheme
Koha item type წიგნი
ეგზემპლარები
Withdrawn status Lost status Source of classification or shelving scheme Damaged status Not for loan Permanent Location Current Location Shelving location Date acquired Cost, normal purchase price Full call number Barcode Date last seen Copy number Price effective from Koha item type Public note
          ბათუმის შოთა რუსთაველის სახელმწიფო უნივერსიტეტის მთავარი ბიბლიოთეკა ბათუმის შოთა რუსთაველის სახელმწიფო უნივერსიტეტის მთავარი ბიბლიოთეკა წიგნსაცავი 2020-06-17 142.00 94(3)+35 T-44 60601 2020-06-17 60601 2020-06-17 წიგნი 142 ლ.